00718nam a2200193 a 4500003000200000005001700002008004100019050003300060100002200093245010100115260009000216300004000306504004100346650002500387650003400412650002900446650002100475650002800496020250213105524.0130129s19uu xx 00 eng d aPHS SB 113.2.E44b.R671 2012 aRoces, Arielle P. aThe effect of molasses on the growth rate of wheatgrass (Triticum aestivum) /cArielle P. Roces. aLas Piñas City, Philippines :bSouthville International School and Colleges,c2012. a26 pages :billustrations ;c28 cm. aIncludes bibliographical references. aMolassesxInfluence. aWheatgrassxGrowthxAnalysis. aPlant growth regulators. aSoil amendments. aMolasses as fertilizer.